Entry Personal Name
Number of records used in: 1
001 - CONTROL NUMBER
003 - CONTROL NUMBER IDENTIFIER
005 - DATE AND TIME OF LATEST TRANSACTION
- control field:
20230929105758.0
008 - FIXED-LENGTH DATA ELEMENTS
- fixed length control field:
000403n| acannaabn |n aaa c
010 ## - LIBRARY OF CONGRESS CONTROL NUMBER
- LC control number:
nb 99125204
040 ## - CATALOGING SOURCE
- Original cataloging agency:
Uk
- Language of cataloging:
eng
- Transcribing agency:
Uk
100 10 - HEADING--PERSONAL NAME
- Personal name:
Kreyszig, Herbert
670 ## - SOURCE DATA FOUND
- Source citation:
Student solutions manual to accompany Advanced engineering mathematics, eighth edition, c2000:
- Information found:
t.p. (Herbert Kreyszig)